[Event "Kadetska liga fantje"]
[Site "Murska Sobota"]
[Date "2018.05.12"]
[Round "2"]
[White "Robic, Ziga"]
[Black "Kumin, Jure"]
[Result "0-1"]
[WhiteElo "1710"]
[BlackElo "1688"]
[PlyCount "87"]
[EventDate "2018.05.12"]

1. e4 c5 2. Bc4 d6 3. d3 Nf6 4. Nc3 e6 5. Nf3 Be7 6. Be3 O-O 7. Qe2 a6 8. a3
Qc7 9. d4 b5 10. Ba2 cxd4 11. Bxd4 Bb7 12. e5 dxe5 13. Bxe5 Qd7 14. Qd2 Qxd2+
15. Nxd2 Bxg2 16. Rg1 Bb7 17. O-O-O Nbd7 18. Bd4 Rac8 19. Rg3 Kh8 20. Rh3 Rc7
21. Bb1 Rfc8 22. Ne2 b4 23. c3 bxc3 24. Nxc3 h6 25. Rg3 Bd6 26. Rg2 Bxg2 27.
Bxf6 Nxf6 28. Bc2 Bb7 29. f3 Be5 30. Re1 Bxc3 31. bxc3 Rxc3 32. Kd1 Rxc2 33.
Ke2 Rc1 34. Rxc1 Rxc1 35. h4 Rc2 36. f4 Nd5 37. Kd3 Rc3+ 38. Ke4 Rxa3 39. Nc4
Nb6+ 40. Kd4 Nxc4 41. Kxc4 Ra4+ 42. Kd3 Rxf4 43. h5 Re4 44. Kc3 {...} 0-1

[Event "Kadetska liga dekleta"]
[Site "Murska Sobota"]
[Date "2018.05.12"]
[Round "2"]
[White "Cebron, Asja"]
[Black "Kralj, Nika"]
[Result "1-0"]
[WhiteElo "1460"]
[BlackElo "1622"]
[PlyCount "79"]
[EventDate "2018.05.12"]

1. d4 Nf6 2. c4 g6 3. Nc3 Bg7 4. e4 d6 5. Nf3 O-O 6. Be2 Nc6 7. d5 Ne5 8. Nxe5
dxe5 9. g4 e6 10. g5 Ne8 11. h4 exd5 12. cxd5 Qe7 13. h5 Nd6 14. Bg4 b5 15.
Bxc8 Raxc8 16. Qg4 Bh8 17. Be3 a6 18. Bc5 Rfd8 19. O-O-O c6 20. hxg6 fxg6 21.
Kb1 Qf7 22. Bxd6 c5 23. Qe6 Rd7 24. f4 exf4 25. Qxf7+ Rxf7 26. Rdf1 f3 27. Rh3
f2 28. Rh2 Bd4 29. Nd1 Re8 30. Nxf2 Rxe4 31. Nxe4 Rxf1+ 32. Kc2 Rf5 33. Bxc5
Bxc5 34. Nxc5 Rxd5 35. Ne4 Kg7 36. Rxh7+ Kxh7 37. Nf6+ Kg7 38. Nxd5 Kf7 39. Kd3
Ke6 40. Ke4 1-0

[Event "Kadetska liga dekleta"]
[Site "Murska Sobota"]
[Date "2018.05.12"]
[Round "2"]
[White "Petauer, Ana Marija"]
[Black "Pajek, Tjasa"]
[Result "1/2-1/2"]
[WhiteElo "1501"]
[BlackElo "1353"]
[PlyCount "87"]
[EventDate "2018.05.12"]

1. e4 e5 2. Nf3 Nc6 3. Bc4 Bc5 4. O-O Nf6 5. d4 Bxd4 6. Nxd4 Nxd4 7. f4 d6 8.
fxe5 dxe5 9. Bg5 Qe7 10. Bxf6 gxf6 11. c3 Nc6 12. Kh1 h5 13. Qf3 Rh6 14. Qg3
Qf8 15. Qh4 Qg7 16. Na3 a6 17. Nc2 Ne7 18. Ne3 c6 19. Rf2 Be6 20. Raf1 Ng8 21.
Rf3 O-O-O 22. Nf5 Bxf5 23. Rxf5 Qh7 24. Be2 Rd2 25. Qh3 Kb8 26. Rb1 Ne7 27.
Rxh5 Rxh5 28. Qxh5 Qxe4 29. Re1 Qg6 30. Qh8+ Ka7 31. Qh3 Rxb2 32. Qe3+ Kb8 33.
Qc5 Nd5 34. Qd6+ Kc8 35. c4 Nf4 36. Qf8+ Kc7 37. Rg1 Rxe2 38. c5 f5 39. Qe7+
Kb8 40. Qd8+ Ka7 41. Qb6+ Kb8 42. Qd8+ Ka7 43. Qb6+ Kb8 44. Qd8+ 1/2-1/2

[Event "Kadetska liga dekleta"]
[Site "Murska Sobota"]
[Date "2018.05.12"]
[Round "2"]
[White "Kuhar, Larisa"]
[Black "Vidmar, Klara"]
[Result "0-1"]
[WhiteElo "1799"]
[BlackElo "1760"]
[PlyCount "88"]
[EventDate "2018.05.12"]

1. e4 c5 2. Nf3 e6 3. d4 cxd4 4. Nxd4 Nf6 5. Nc3 Nc6 6. Ndb5 Bb4 7. a3 Bxc3+ 8.
Nxc3 d5 9. exd5 Nxd5 10. Ne4 O-O 11. c4 Nde7 12. Be3 Nf5 13. Bc5 Qxd1+ 14. Rxd1
Rd8 15. Nd6 Nxd6 16. Bxd6 b6 17. Be2 Bb7 18. O-O Rd7 19. b4 Rc8 20. c5 bxc5 21.
bxc5 a6 22. Rb1 Nd4 23. Bd3 Ra8 24. Rb6 Bc6 25. Bxa6 Rda7 26. Rfb1 f6 27. Rb8+
Rxb8 28. Rxb8+ Kf7 29. Rb6 h6 30. f3 Ke8 31. Kf2 Kd7 32. Bf8 Ke8 33. Bd6 Kd7
34. f4 h5 35. g3 g6 36. Bb8 Ra8 37. Ke3 Nc2+ 38. Kd2 Nd4 39. Kc3 Nf3 40. h3 g5
41. fxg5 Nxg5 42. h4 Ne4+ 43. Kb4 e5 44. Ka5 Nxc5 0-1

[Event "Kadetska liga dekleta"]
[Site "Murska Sobota"]
[Date "2018.05.12"]
[Round "2"]
[White "Mazzini, Katarina"]
[Black "Urbanc, Tina"]
[Result "1/2-1/2"]
[WhiteElo "1599"]
[BlackElo "1670"]
[PlyCount "86"]
[EventDate "2018.05.12"]

1. e4 b6 2. d4 Bb7 3. Bd3 e6 4. Nf3 g6 5. c3 Bg7 6. O-O Ne7 7. Be3 O-O 8. Re1
f5 9. Bg5 h6 10. Bxe7 Qxe7 11. Nbd2 a5 12. d5 e5 13. c4 f4 14. Rc1 d6 15. h3
Nd7 16. Nh2 Nf6 17. Ng4 Bc8 18. Be2 h5 19. Nxf6+ Bxf6 20. Kh2 Bd7 21. Bf3 Rf7
22. Rg1 Bg5 23. Qe2 Kh7 24. Rcf1 Raf8 25. Rc1 Bh6 26. b3 Rg8 27. a3 Qh4 28. b4
axb4 29. axb4 Bg4 30. c5 bxc5 31. bxc5 Bxf3 32. Nxf3 Qe7 33. cxd6 cxd6 34. Nd2
f3 35. gxf3 Bxd2 36. Qxd2 Rxf3 37. Rc2 Qh4 38. Rg3 Rxg3 39. fxg3 Qxe4 40. Rc6
Rd8 41. Rc7+ Kg8 42. Qh6 Qe2+ 43. Kg1 Qe1+ 1/2-1/2

[Event "Kadetska liga dekleta"]
[Site "Murska Sobota"]
[Date "2018.05.12"]
[Round "2"]
[White "Lukac, Alina"]
[Black "Groselj, Kaja"]
[Result "1/2-1/2"]
[WhiteElo "1396"]
[BlackElo "1472"]
[PlyCount "118"]
[EventDate "2018.05.12"]

1. e4 d5 2. exd5 Qxd5 3. Nc3 Qd6 4. d4 Nf6 5. Bc4 g6 6. Nf3 Bg7 7. O-O O-O 8.
Re1 a6 9. Bb3 b5 10. a3 Bb7 11. Qe2 e6 12. Be3 Ng4 13. h3 Nxe3 14. Qxe3 Nd7 15.
Ne4 Bxe4 16. Qxe4 c5 17. c3 Nf6 18. dxc5 Qxc5 19. Qc2 Rac8 20. Rad1 Rfd8 21.
Rxd8+ Rxd8 22. Rd1 Nd5 23. Bxd5 Rxd5 24. Rxd5 Qxd5 25. Qd2 Qxd2 26. Nxd2 a5 27.
f3 Bh6 28. Nb1 Kf8 29. Kf2 Ke7 30. Ke2 Kd6 31. Kd3 a4 32. Nd2 Kd5 33. c4+ bxc4+
34. Nxc4 Kc5 35. Ne5 f5 36. Nd7+ Kb5 37. Ne5 Bg7 38. Nc4 Kc5 39. f4 h6 40. h4
Bf6 41. Ne5 Bxh4 42. Nxg6 Bf6 43. Kc2 Kd5 44. b3 axb3+ 45. Kxb3 Bd4 46. Nf8 e5
47. fxe5 Kxe5 48. Ng6+ Kf6 49. Nh4 Bf2 50. Nf3 f4 51. Nh2 Kg5 52. Nf1 h5 53. a4
Kg4 54. a5 h4 55. a6 h3 56. gxh3+ Kxh3 57. Nd2 Be3 58. Kc4 Ba7 59. Kd3 Kg3
1/2-1/2

[Event "Kadetska liga dekleta"]
[Site "Murska Sobota"]
[Date "2018.05.12"]
[Round "2"]
[White "Groselj, Jerneja"]
[Black "Lukac, Ema"]
[Result "0-1"]
[WhiteElo "1221"]
[BlackElo "1007"]
[PlyCount "100"]
[EventDate "2018.05.12"]

1. e4 c5 2. Nc3 d6 3. f4 Nf6 4. Nf3 e6 5. Bb5+ Nbd7 6. O-O a6 7. Bxd7+ Bxd7 8.
d3 Be7 9. Qe1 Bc6 10. Qg3 O-O 11. f5 Kh8 12. Be3 exf5 13. exf5 Qc8 14. Nd2 Bd7
15. Qf2 b5 16. Nde4 b4 17. Ne2 Ng4 18. Qf3 Nxe3 19. Qxe3 Bxf5 20. Qg3 Bxe4 21.
dxe4 Qe6 22. Qf3 Bf6 23. Nf4 Bd4+ 24. Kh1 Qf6 25. Nd3 Bxb2 26. Nxb2 Qxb2 27.
Qe2 a5 28. Rfb1 Qe5 29. Rf1 d5 30. Rae1 Rae8 31. Rf3 dxe4 32. Re3 f5 33. Qc4
Qd4 34. Qe2 Rf7 35. Rd1 Qe5 36. Rf3 Rfe7 37. Rff1 Re6 38. Rd7 Rh6 39. h3 Qe6
40. Rfd1 Qf6 41. R7d6 Qg5 42. Rxh6 Qxh6 43. Qb5 Qh5 44. Rd7 Qg6 45. Qxc5 Qe6
46. Rd1 e3 47. Re1 f4 48. Kg1 e2 49. Kf2 h6 50. Qh5 Qe3# 0-1

[Event "Kadetska liga dekleta"]
[Site "Murska Sobota"]
[Date "2018.05.12"]
[Round "2"]
[White "Ferfole, Anja"]
[Black "Drevensek, Doroteja"]
[Result "0-1"]
[WhiteElo "1500"]
[BlackElo "1261"]
[PlyCount "60"]
[EventDate "2018.05.12"]

1. e4 d6 2. Nc3 Nf6 3. d3 e5 4. Bg5 c6 5. Nf3 Be7 6. Be2 h6 7. Be3 Nbd7 8. O-O
O-O 9. Nh4 Nxe4 10. Nxe4 Bxh4 11. Nxd6 Qf6 12. Bd2 Qxd6 13. a3 Qg6 14. Bb4 c5
15. Bd2 b6 16. Bh5 Qf6 17. Bf3 Rb8 18. Be3 Bb7 19. Be2 Qg6 20. Bg4 f5 21. Bf3
Nf6 22. g3 f4 23. Bd2 fxg3 24. fxg3 Bxg3 25. hxg3 Qxg3+ 26. Kh1 Ng4 27. Qe2
Bxf3+ 28. Rxf3 Rxf3 29. Rg1 Qh3+ 30. Qh2 Qxh2# 0-1

[Event "Kadetska liga dekleta"]
[Site "Murska Sobota"]
[Date "2018.05.12"]
[Round "2"]
[White "Casar, Zala"]
[Black "Brcar, Zoja"]
[Result "1-0"]
[WhiteElo "1093"]
[BlackElo "1558"]
[PlyCount "67"]
[EventDate "2018.05.12"]

1. e4 e5 2. Nf3 Nc6 3. Bc4 Bc5 4. O-O Nf6 5. h3 d6 6. Nc3 Be6 7. Bb5 a6 8.
Bxc6+ bxc6 9. d4 Bb6 10. dxe5 dxe5 11. Nxe5 Qxd1 12. Rxd1 O-O 13. Nxc6 Bc4 14.
Bg5 h6 15. Ne7+ Kh8 16. Bxf6 gxf6 17. b3 Be6 18. Nf5 Bxf5 19. exf5 Rad8 20. Nd5
Rfe8 21. Nxf6 Re2 22. Rxd8+ Kg7 23. Nh5+ Kh7 24. c4 Bxf2+ 25. Kh2 Re4 26. Nf6+
Kg7 27. Nxe4 Be3 28. Re1 Bb6 29. Ng3 c5 30. Rc8 a5 31. Ree8 Kf6 32. Rc6+ Kg5
33. Re4 Ba7 34. Rg4# 1-0

[Event "Kadetska liga dekleta"]
[Site "Murska Sobota"]
[Date "2018.05.12"]
[Round "2"]
[White "Strazisnik, Alja"]
[Black "Sefic, Lana"]
[Result "0-1"]
[WhiteElo "1188"]
[BlackElo "1058"]
[PlyCount "102"]
[EventDate "2018.05.12"]

1. e4 c5 2. Nf3 d6 3. Bb5+ Nd7 4. O-O a6 5. Bc4 Ngf6 6. Re1 e5 7. c3 Nb6 8. Bb3
Be6 9. d4 cxd4 10. cxd4 Bxb3 11. Qxb3 exd4 12. Nxd4 Be7 13. Nc3 O-O 14. Nf5 Re8
15. Bg5 Nbd7 16. Nd5 Nxd5 17. Bxe7 Nxe7 18. Nxd6 Rf8 19. Rad1 Qb6 20. Qa4 Qc6
21. Qb3 Rab8 22. e5 Nc5 23. Qb4 Ne6 24. Qb3 Ng6 25. Nf5 Rbd8 26. h4 Rxd1 27.
Rxd1 Re8 28. Re1 Qb5 29. Qg3 Qxb2 30. h5 Ne7 31. Nh6+ Kf8 32. Ng4 Qd2 33. Re3
Nf5 34. Qf3 Nxe3 35. fxe3 Qe1+ 36. Kh2 Qh4+ 37. Kg1 Ng5 38. Qf4 Rd8 39. Qb4+
Kg8 40. Qa4 Kh8 41. h6 g6 42. Qb3 Qxg4 43. Qb1 Rd1+ 44. Qxd1 Qxd1+ 45. Kh2 Qe2
46. a4 Nf3+ 47. Kg3 Qxe3 48. gxf3 Qxe5+ 49. Kg4 f5+ 50. Kg5 Qg3+ 51. Kf6 Qf4
0-1

[Event "Kadetska liga dekleta"]
[Site "Murska Sobota"]
[Date "2018.05.12"]
[Round "2"]
[White "Kovse, Neza"]
[Black "Vaupot, Eliza"]
[Result "1-0"]
[WhiteElo "1600"]
[BlackElo "1026"]
[PlyCount "61"]
[EventDate "2018.05.12"]

1. e4 c5 2. Nf3 g6 3. d4 cxd4 4. Qxd4 Nf6 5. e5 Nc6 6. Qa4 Nd5 7. Qe4 Nc7 8.
Bf4 Bg7 9. Nc3 O-O 10. O-O-O f6 11. Bc4+ Kh8 12. Rhe1 e6 13. exf6 Rxf6 14. Bg5
Qe7 15. Bxf6 Bxf6 16. Qf4 e5 17. Qe4 d6 18. Nd5 Nxd5 19. Qxd5 Be6 20. Qxe6 Qxe6
21. Bxe6 Rd8 22. Bd5 Nb4 23. Bc4 Rc8 24. Re4 Be7 25. a3 Nc6 26. Rd3 Rf8 27. Rc3
Rd8 28. Bd5 Rc8 29. Rec4 b5 30. Rxc6 Rxc6 31. Rxc6 1-0